000 00664nam a22002177a 4500
999 _c11851
_d11851
003 AR-CdUCM
008 190405b ||||| |||| 00| 0 spa d
040 _aMUNICIPALIDAD PROVINCIAL DEL CUSCO
_cBIBLIOTECA MUNICIPAL DEL CUSCO
082 _aEP / 372 /
_bY26
100 _aYanrong, Wang
_929418
245 _aLa colina trompa del elefante /
260 _aBeijing :
_bZhaohua,
_c1983.
300 _a28 paginas ;
_bIlustraciones, graficos, dibujos,
_c25 cm.
500 _aCuento
650 _aCuento
_94671
650 _aHistoria
_9136
650 _aTexto educativo
_925832
700 _aZhongliang, Li
_929419
942 _2ddc
_cLIBROS
945 _apjha
_d2019-04-05